000 00319nam a22001337a 4500
008 180924b xxu||||| |||| 00| 0 eng d
020 _a0495092010
041 _aeng
080 _a610
100 _a3
101 _aSHM
245 _aTheory and Practice of Family Therapy and Counseling
_cBitter, J.R
942 _2udc
_cBK
999 _c48406
_d48406